| 000 | 00781nab a2200253 a 4500 | ||
|---|---|---|---|
| 005 | 20230829063550.0 | ||
| 008 | 991125s1985 mx 000 0 spa u | ||
| 035 | _aUPN01000141441 | ||
| 100 | 1 |
_aFernández Cano, Antonio _938543 |
|
| 222 | _aREVISTA DE INVESTIGACION EDUCATIVA | ||
| 245 | _AHacia un enfoque comprensivo de diagnósticos inespecíficos de alumnos con dificultades para el aprendizaje escolar | ||
| 260 | _aBarcelona, España | ||
| 300 | _a63-82 | ||
| 362 | 0 | _a2001 Vol. 19, no. 1 | |
| 653 | 0 | _aPROBLEMAS DE APRENDIZAJE | |
| 653 | 0 | _aLESION CEREBRAL | |
| 653 | 0 | _aRENDIMIENTO ESCOLAR | |
| 653 | 0 | _aNIÑOS | |
| 700 | 1 | _aMachuca Aceituno, Mariano, | |
| 700 | 1 | _ecoaut. | |
| 700 | 1 | _aLorite García, Javier, | |
| 700 | 1 | _ecoaut. | |
| 905 | _aArticulo | ||
| 999 |
_c113588 _d113588 |
||